00590nam a2200169 a 450000100100000000500170001000800410002704000250006808200150009311000320010824500650014026000590020530000200026404900090028495201120029399900150040500000610020200929151928.0090826s1930 dr 000 0 spa d aDO-SdBNPbspacBNPHU axxxbR426r1 aRepública Dominicana944710aReglamento interior del senado de la República Dominicana. aSanto Domingo :bJ. R. Vda. García Sucesores,c1930. a44 p. ;c23 cm. aBNPD 0010718PDaPDbPDcCTd2009-08-26iLF1l0oxxx R426rp6100-10r2020-06-25w2020-06-25yLFPDZNo se presta c5896d5896